Operations and supply chain management (Record no. 396984)

MARC details
000 -LEADER
fixed length control field 00635 a2200241 4500
005 - DATE & TIME
control field 20260406124115.0
008 - FIXED-LENGTH DATA ELEMENTS--GENERAL INFORMATION
fixed length control field 260406b |||||||| |||| 00| 0 eng d
020 ## - ISBN
International Standard Book Number 9789355325228
Price Rs. 1110.00
040 ## - CATALOGING SOURCE
Original cataloging agency VIVEKANANDA LIBRARY
082 ## - DDC NUMBER
Classification number 658.7
Book Number J152O(17)
100 ## - MAIN ENTRY--PERSONAL NAME
Personal name Jacobs, F Robert
245 ## - TITLE STATEMENT
Title Operations and supply chain management
250 ## - EDITION STATEMENT
Edition statement 17th
260 ## - PUBLICATION, DISTRIBUTION, ETC. (IMPRINT)
Name of publisher, distributor, etc McGraw Hill Education (India)
Date of publication, distribution, etc 2025
Place of publication, distribution, etc Chennai
300 ## - PHYSICAL DESCRIPTION
Pages xxix, 762
650 ## - Subject
Subject Management
650 ## - Subject
Subject Production
650 ## - Subject
Subject Operations Management
650 ## - Subject
Subject Distribution
700 ## - Added Entry Personal Name
Added Entry Personal Name Ravi Shankar
700 ## - Added Entry Personal Name
Added Entry Personal Name Chase, Richard B
942 ## - ADDED ENTRY ELEMENTS (KOHA)
Koha item type Books
Holdings
Withdrawn status Lost status Source of classification or shelving scheme Damaged status Not for loan Location (home branch) Sublocation or collection (holding branch) Shelving location Date acquired Koha issues (times borrowed) Koha full call number Accession No. Koha date last seen Koha item type
    Dewey Decimal Classification     VIVEKANANDA LIBRARY VIVEKANANDA LIBRARY IMSAR Library 30/03/2026   658.7 J152O(17) 421009 30/03/2026 Books
    Dewey Decimal Classification     VIVEKANANDA LIBRARY VIVEKANANDA LIBRARY IMSAR Library 30/03/2026   658.7 J152O(17) 421012 30/03/2026 Books
    Dewey Decimal Classification     VIVEKANANDA LIBRARY VIVEKANANDA LIBRARY IMSAR Library 30/03/2026   658.7 J152O(17) 421010 30/03/2026 Books
    Dewey Decimal Classification     VIVEKANANDA LIBRARY VIVEKANANDA LIBRARY IMSAR Library 30/03/2026   658.7 J152O(17) 421011 30/03/2026 Books
    Dewey Decimal Classification     VIVEKANANDA LIBRARY VIVEKANANDA LIBRARY IMSAR Library 30/03/2026   658.7 J152O(17) 421008 30/03/2026 Books
© Designed and Maintained by Vivekananda Library, MDU Rohtak